Statistics for Top UK Girls' Names 2018

Click here to take the quiz!

General Stats

  • This quiz has been taken 108 times
  • The average score is 46 of 60

Answer Stats

#First LetterName% Correct
2EEmily
98%
2EEmily
98%
5EEmily
98%
1OOlivia
98%
1OOlivia
98%
3OOlivia
98%
5AAmelia
91%
6AAmelia
91%
2AAmelia
91%
14AAva
89%
7AAva
89%
3AAva
89%
7IIsabella
89%
4SSophie
89%
4SSophie
89%
17SSophie
89%
8GGrace
88%
1GGrace
88%
10GGrace
88%
8SSophia
88%
12SSophia
88%
12SSophia
88%
9LLily
86%
15LLily
86%
13LLily
86%
6EElla
84%
5EElla
84%
9EElla
84%
3IIsla
84%
4IIsla
84%
7IIsla
84%
17EEva
82%
8AAnna
80%
14IIvy
79%
6MMia
79%
20MMia
79%
13CCharlotte
77%
11CCharlotte
77%
12CCharlotte
77%
18EEllie
77%
18JJessica
77%
10JJessica
77%
15EEvie
73%
16EEvie
73%
16EEvie
73%
18FFreya
71%
13FFreya
71%
11PPoppy
71%
20WWillow
71%
19EEvelyn
70%
15FFlorence
68%
14LLucy
66%
10LLucy
66%
16EErin
48%
17HHarper
48%
9AAria
43%
19NNiamh
41%
11AAoife
27%
20FFiadh
13%
19EEilidh
11%

Score Distribution

Percentile by Number Answered

Percent of People with Each Score

Your Score History

You have not taken this quiz